[Event "Leinfelder Schachtage op 2nd"]
[Site "?"]
[Date "2000.??.??"]
[Round "7"]
[White "Schmaltz Roland"]
[Black "Haba Petr"]
[Result "1-0"]
[WhiteElo "2508"]
[BlackElo "2517"]
[PlyCount "77"]
[EventDate "2000.??.??"]
[Source "www.chesslib.no"]
[SourceDate "2004.05.04"]

1. e4 e6 2. d4 d5 3. Nc3 Bb4 4. e5 c5 5. a3 Bxc3+ 6. bxc3 Qc7 7. Nf3 b6 8. Bb5+ Bd7 9. Be2 Ba4 10. dxc5 Nd7 11. cxb6 axb6 12. O-O Ne7 13. Bf4 Qxc3 14. Ra2 O-O 15. Bd2 Qc7 16. Bb4 Nc5 17. Qd2 Nc6 18. Qe3 Rfc8 19. h4 h6 20. Re1 Ne4 21. Bd3 Nxb4 22. axb4 Bc6 23. Rea1 Rxa2 24. Rxa2 Ra8 25. Rxa8+ Bxa8 26. Qd4 Bb7 27. c4 Ba6 28. Bxe4 dxe4 29. Nd2 e3 30. fxe3 b5 31. Qd6 Qc8 32. c5 Bb7 33. Nb3 Bd5 34. Na5 Qe8 35. c6 f6 36. e4 Bxe4 37. c7 Kh7 38. exf6 Bd5 39. Qe7 1-0

[Event "DSV-Turnier"]
[Site "Dresden"]
[Date "1988.??.??"]
[Round "?"]
[White "Paehtz, Thomas Sr"]
[Black "Uhlmann, Wolfgang"]
[Result "1-0"]
[WhiteElo "2515"]
[BlackElo "2505"]
[PlyCount "141"]
[EventDate "1988.08.??"]
[Source "ChessBase"]

1. e4 e6 2. d4 d5 3. Nc3 Bb4 4. e5 c5 5. a3 Bxc3+ 6. bxc3 Qc7 7. Qg4 f5 8. Qh5+ g6 9. Qd1 Bd7 10. a4 cxd4 11. cxd4 Qc3+ 12. Bd2 Qxd4 13. Nf3 Qe4+ 14. Be2 Nc6 15. O-O Nd4 16. Nxd4 Qxd4 17. c3 Qxe5 18. Be3 Qd6 19. Qd4 e5 20. Bf4 exd4 21. Bxd6 Nf6 22. cxd4 Ne4 23. Bb4 a5 24. Be1 O-O 25. f3 Nd6 26. Bd2 f4 27. Bd3 g5 28. Rfe1 Rfe8 29. h4 Bf5 30. Bf1 gxh4 31. Rxe8+ Rxe8 32. Bxa5 Bd7 33. Bc7 Nf5 34. Be5 Kf7 35. Rb1 Bxa4 36. Bd3 Ne3 37. Rxb7+ Re7 38. Rb6 Re6 39. Rb7+ Re7 40. Rxe7+ Kxe7 41. Bxh7 Bc2 42. Bg8 Kf8 43. Be6 Ke7 44. Bh3 Nf5 45. Bxf4 Nxd4 46. Bg5+ Kd6 47. Bxh4 Bf5 48. Bxf5 Nxf5 49. Bg5 d4 50. g4 Ng7 51. Bf6 Ne6 52. Kf2 Kd5 53. Ke2 Nf4+ 54. Kd2 Nh3 55. Ke2 Nf4+ 56. Kf2 Kc4 57. Bd8 Kc3 58. Bc7 Ne6 59. Ba5+ Kc2 60. Kg3 d3 61. f4 Nd4 62. f5 Nc6 63. Be1 Kd1 64. f6 Ne5 65. Ba5 Ng6 66. g5 Kc2 67. Kg4 Ne5+ 68. Kf4 Nc6 69. f7 Nxa5 70. f8=Q d2 71. Qf5+ 1-0

[Event "It \\"]
[Site "?"]
[Date "2005.06.12"]
[Round "6"]
[White "Kriventsov Stanislav G"]
[Black "Ibragimov Ildar"]
[Result "1/2-1/2"]
[WhiteElo "2409"]
[BlackElo "2611"]
[PlyCount "126"]
[EventDate "2005.??.??"]
[Source "www.chesslib.no"]
[SourceDate "2004.05.04"]

1. e4 e6 2. d4 d5 3. Nc3 Bb4 4. e5 c5 5. a3 Bxc3+ 6. bxc3 Qc7 7. Qg4 f5 8. Qg3 cxd4 9. cxd4 Ne7 10. Bd2 O-O 11. Bd3 b6 12. Ne2 Ba6 13. Nf4 Qd7 14. h4 Bxd3 15. Qxd3 Rc8 16. h5 h6 17. f3 Rc4 18. g4 Nbc6 19. c3 Rf8 20. O-O Na5 21. Rab1 Rc6 22. Be1 Nc4 23. Ra1 b5 24. Bh4 Rf7 25. g5 hxg5 26. Bxg5 Ra6 27. Rf2 Rxa3 28. Rxa3 Nxa3 29. Ra2 Nc4 30. Ra6 Nc6 31. Qd1 Qc8 32. Qa1 Rb7 33. Nd3 Rb6 34. Ra2 a5 35. h6 Rb7 36. Rg2 Qe8 37. Bf6 Qh5 38. hxg7 Qxf3 39. Qe1 Qe3+ 40. Qxe3 Nxe3 41. Rh2 Rxg7+ 42. Bxg7 Kxg7 43. Nf4 b4 44. cxb4 axb4 45. Nxe6+ Kf7 46. Rh6 Ke7 47. Nf4 Nxd4 48. Rh7+ Kd8 49. e6 Nc6 50. Rd7+ Kc8 51. Nxd5 Nxd5 52. Rxd5 b3 53. Kf2 b2 54. Rd1 f4 55. Kg2 Kc7 56. Kh3 Ne7 57. Kg4 Nd5 58. Rb1 Kd6 59. Kf5 Ne3+ 60. Kxf4 Nc4 61. Kf5 Ke7 62. Rh1 Nd2 63. Rh7+ Ke8 1/2-1/2

[Event "TCh-CZE 2002-3"]
[Site "Czech Rep"]
[Date "2002.10.12"]
[Round "1"]
[White "Zezulkin, Jurij"]
[Black "Matlak, Marek"]
[Result "1/2-1/2"]
[WhiteElo "2524"]
[BlackElo "2492"]
[PlyCount "68"]
[EventDate "2003.01.01"]
[Source "Roberto Alvarez"]
[SourceDate "2003.04.28"]

1. e4 e6 2. d4 d5 3. Nc3 Bb4 4. e5 c5 5. a3 Bxc3+ 6. bxc3 Qc7 7. Qg4 f5 8. Qg3 cxd4 9. cxd4 Ne7 10. Bd2 O-O 11. Bd3 b6 12. Ne2 Ba6 13. Nf4 Qd7 14. Bxa6 Nxa6 15. h4 Rf7 16. h5 Rc8 17. c3 Rc4 18. h6 g6 19. Ne2 Nb8 20. Bg5 Qc8 21. Rh3 Nd7 22. Nf4 Nf8 23. Bf6 b5 24. Kd2 a5 25. Qg5 Qb7 26. Rb1 b4 27. Ke1 Qc7 28. Bg7 Rxc3 29. Bxf8 Rc1+ 30. Rxc1 Qxc1+ 31. Ke2 Qc2+ 32. Ke1 Qc1+ 33. Ke2 Qc2+ 34. Ke1 Qc1+ 1/2-1/2

[Event "Altensteig"]
[Site "Altensteig"]
[Date "1989.??.??"]
[Round "?"]
[White "Kindermann, Stefan"]
[Black "Mohr, Stefan"]
[Result "1-0"]
[WhiteElo "2530"]
[BlackElo "2485"]
[PlyCount "73"]
[EventDate "1989.07.??"]
[Source "ChessBase"]

1. e4 e6 2. d4 d5 3. Nc3 Bb4 4. e5 c5 5. a3 Bxc3+ 6. bxc3 Qc7 7. Qg4 f6 8. Bb5+ Kf8 9. Nf3 a6 10. Bd3 cxd4 11. O-O dxc3 12. a4 f5 13. Ba3+ Ne7 14. Qh5 Nbc6 15. g4 Qd8 16. gxf5 exf5 17. e6 Qe8 18. Qxf5+ Kg8 19. Qg4 h5 20. Qh3 Ng6 21. Qg3 Nge7 22. Rae1 Rh6 23. Ng5 Nd4 24. Qc7 Ndc6 25. a5 Rf6 26. Qd6 b5 27. axb6 a5 28. Qc7 Rb8 29. Bc5 Rb7 30. Qd6 Nb4 31. Bxb4 axb4 32. Ba6 Nf5 33. Qxd5 Ne7 34. Qe4 Rg6 35. Bxb7 Rxg5+ 36. Kh1 Bxb7 37. Qxb7 1-0

[Event "EU-ch 2nd"]
[Site "Ohrid"]
[Date "2001.06.10"]
[Round "9"]
[White "De Vreugt, Dennis"]
[Black "Socko, Bartosz"]
[Result "0-1"]
[WhiteElo "2460"]
[BlackElo "2554"]
[PlyCount "76"]
[EventDate "2001.06.01"]
[Source "ChessBase"]
[SourceDate "2001.09.13"]

1. e4 e6 2. d4 d5 3. Nc3 Bb4 4. e5 c5 5. a3 Bxc3+ 6. bxc3 Qc7 7. Qg4 f5 8. Qh5+ g6 9. Qd1 Bd7 10. Nf3 Ba4 11. dxc5 Qxc5 12. Bd3 Qxc3+ 13. Bd2 Qxd3 14. cxd3 Bxd1 15. Rxd1 Nc6 16. Rb1 Rb8 17. Bb4 Nxb4 18. axb4 Ne7 19. Kd2 Kd7 20. b5 a5 21. Ra1 b6 22. h4 Rbc8 23. Nd4 f4 24. Rh3 Nf5 25. Nxf5 gxf5 26. g3 Rc5 27. Rb1 f3 28. Ke3 d4+ 29. Kxd4 Ke7 30. Rb3 Rd8+ 31. Ke3 Rxe5+ 32. Kxf3 Rdd5 33. Rh1 Rxb5 34. Rhb1 Rxb3 35. Rxb3 b5 36. Kf4 Rd5 37. Kg5 b4 38. Kh6 Rb5 0-1

[Event "Mondiale Junior mas"]
[Site "Gaziantep TUR"]
[Date "2008.08.07"]
[Round "6"]
[White "Ronchetti, N."]
[Black "Nguyen Ngoc Truong Son"]
[Result "0-1"]
[WhiteElo "2434"]
[BlackElo "2579"]
[PlyCount "72"]
[EventDate "2008.08.03"]
[Source "www.chesslib.no"]
[SourceDate "2004.05.04"]

1. e4 e6 2. d4 d5 3. Nc3 Bb4 4. e5 c5 5. a3 Bxc3+ 6. bxc3 Qc7 7. Qg4 f5 8. Qg3 Ne7 9. Bd2 O-O 10. Bd3 b6 11. Nh3 Ba6 12. Nf4 Qd7 13. dxc5 bxc5 14. O-O Bxd3 15. cxd3 Nbc6 16. Rab1 Nxe5 17. Qe3 N7g6 18. Nxg6 Nxg6 19. Qxc5 f4 20. f3 Rac8 21. Qb5 Qd6 22. Rfe1 h6 23. Qb4 Qd7 24. Qb5 Rc6 25. Rb4 Kh7 26. Rd4 a6 27. Qa4 e5 28. Rb4 Rff6 29. Qb3 Nh4 30. Re2 Rg6 31. Kh1 Nxg2 32. Rxg2 Rxg2 33. Kxg2 Rg6+ 34. Kf2 Qh3 35. Bxf4 Qg2+ 36. Ke3 Qg1+ 0-1

[Event "POL-ch 57th"]
[Site "Plock"]
[Date "2000.05.04"]
[Round "7"]
[White "Kuczynski, Robert"]
[Black "Socko, Bartosz"]
[Result "1/2-1/2"]
[WhiteElo "2451"]
[BlackElo "2556"]
[PlyCount "96"]
[EventDate "2000.04.28"]
[Source "ChessBase"]
[SourceDate "2000.10.18"]

1. e4 e6 2. d4 d5 3. Nc3 Bb4 4. e5 c5 5. a3 Bxc3+ 6. bxc3 Qc7 7. Nf3 b6 8. Bb5+ Bd7 9. Bd3 Ba4 10. O-O Ne7 11. Re1 Nbc6 12. h4 h6 13. h5 Na5 14. Ra2 Qc6 15. Rb2 Rc8 16. dxc5 Qxc5 17. Rb4 b5 18. Rg4 Kf8 19. Nd4 Nac6 20. Qf3 Nxd4 21. cxd4 Qc3 22. Re2 Qa1 23. Re1 Bxc2 24. Bxc2 Rxc2 25. Bd2 Qb2 26. Bb4 Rc1 27. Rxc1 Qxc1+ 28. Kh2 a5 29. Bc5 Ke8 30. Rxg7 Nf5 31. Rg4 Qc2 32. g3 Qb1 33. Qc3 Qf1 34. Rf4 b4 35. axb4 a4 36. b5 Qxb5 37. g4 Rg8 38. Bd6 Nxd6 39. exd6 Qd7 40. Qb4 Kf8 41. Kh3 Kg7 42. Rf3 Ra8 43. Rc3 Ra6 44. Ra3 Qxd6 45. Qxd6 Rxd6 46. Rxa4 Rc6 47. Ra3 Rc4 48. Rd3 Rc1 1/2-1/2

[Event "Corr"]
[Site "?"]
[Date "1998.??.??"]
[Round "?"]
[White "Borchers Holger"]
[Black "Prang Edgar"]
[Result "1/2-1/2"]
[WhiteElo "2480"]
[BlackElo "2525"]
[PlyCount "35"]
[EventDate "1998.??.??"]
[Source "www.chesslib.no"]
[SourceDate "2004.05.04"]

1. e4 e6 2. d4 d5 3. Nc3 Bb4 4. e5 c5 5. a3 Bxc3+ 6. bxc3 Qc7 7. Qg4 f5 8. Qh5+ g6 9. Qd1 Bd7 10. Nf3 Ba4 11. Rb1 Nd7 12. Be2 h6 13. O-O Ne7 14. Be3 c4 15. h4 O-O-O 16. Qd2 Ng8 17. Rb4 Nb6 18. Rfb1 1/2-1/2

[Event "FRA-chT"]
[Site "France"]
[Date "1996.??.??"]
[Round "?"]
[White "Apicella, Manuel"]
[Black "Yedidia, Jonathan"]
[Result "1-0"]
[WhiteElo "2560"]
[BlackElo "2445"]
[PlyCount "83"]
[EventDate "1996.??.??"]
[Source "ChessBase"]

1. e4 e6 2. d4 d5 3. Nc3 Bb4 4. e5 c5 5. a3 Bxc3+ 6. bxc3 Qc7 7. Qg4 f5 8. Qh5+ g6 9. Qd1 b6 10. Nf3 cxd4 11. cxd4 Ba6 12. h4 h6 13. g3 Rh7 14. Be3 Bxf1 15. Kxf1 Nc6 16. c4 dxc4 17. Qa4 Qd7 18. Qxc4 Rc8 19. Qa2 Na5 20. Rc1 Rxc1+ 21. Bxc1 Qc6 22. Kg2 Nc4 23. Bf4 Rg7 24. Rc1 b5 25. a4 a6 26. axb5 axb5 27. Ra1 Nb6 28. Qa6 Rc7 29. Bd2 Nd5 30. Qa5 Kf7 31. Rb1 Rb7 32. Qa8 Qd7 33. Rc1 Nb6 34. Qa6 Nc4 35. Rb1 Qd5 36. Bb4 g5 37. hxg5 hxg5 38. Rh1 Kg6 39. Qa8 Nh6 40. Qe8+ Rf7 41. Rxh6+ Kxh6 42. Qxf7 1-0

[Event "New York op"]
[Site "New York"]
[Date "1987.??.??"]
[Round "?"]
[White "Wedberg, Tom"]
[Black "Morovic Fernandez, Ivan"]
[Result "1/2-1/2"]
[WhiteElo "2480"]
[BlackElo "2525"]
[PlyCount "44"]
[EventDate "1987.04.??"]
[Source "ChessBase"]

1. e4 e6 2. d4 d5 3. Nc3 Bb4 4. e5 c5 5. a3 Bxc3+ 6. bxc3 Qc7 7. Nf3 Bd7 8. a4 Nc6 9. Qd2 f6 10. Bb5 fxe5 11. Bxc6 Bxc6 12. Nxe5 Nf6 13. O-O O-O 14. Qe3 Rfe8 15. Re1 Nd7 16. Qg3 Nxe5 17. Rxe5 cxd4 18. cxd4 Bxa4 19. Bf4 Qd7 20. Rc1 Rac8 21. c3 Rf8 22. Rg5 Rf5 1/2-1/2

[Event "Mondariz op"]
[Site "?"]
[Date "1996.??.??"]
[Round "?"]
[White "Sion Castro Marcelino"]
[Black "Psakhis Lev"]
[Result "0-1"]
[WhiteElo "2415"]
[BlackElo "2590"]
[PlyCount "128"]
[EventDate "1996.??.??"]
[Source "www.chesslib.no"]
[SourceDate "2004.05.04"]

1. e4 e6 2. d4 d5 3. Nc3 Bb4 4. e5 c5 5. a3 Bxc3+ 6. bxc3 Qc7 7. Qg4 f5 8. Qh5+ g6 9. Qd1 Bd7 10. Bd2 Ba4 11. Bd3 c4 12. Be2 Nc6 13. h4 h6 14. Nh3 O-O-O 15. Qc1 Qf7 16. Be3 Rf8 17. Qd2 b6 18. f3 Kb7 19. Kf2 Nd8 20. Rag1 Qh7 21. Ke1 Ne7 22. Qc1 a5 23. Qb2 Qf7 24. Qc1 Qh7 25. Qb2 Ndc6 26. Qc1 Rfg8 27. Nf4 Qf7 28. Nh3 Qf8 29. Nf4 Nd8 30. g3 Ka6 31. Kd2 Qe8 32. Nh3 Rh7 33. g4 Qf8 34. Nf4 Rf7 35. Ke1 g5 36. Nh5 f4 37. Bf2 Ng6 38. Nf6 Rxf6 39. exf6 Qxf6 40. hxg5 hxg5 41. Kf1 Ne7 42. Rh7 Nf7 43. Rgh1 Qg6 44. Qd2 Nc8 45. Bd1 Ncd6 46. Be1 Nb5 47. Qc1 Qf6 48. Kg2 Rg6 49. Qb2 Nh6 50. Bf2 Nd6 51. Be2 Ndf7 52. Rb1 Qd8 53. Qa2 b5 54. Rh1 Qg8 55. R1xh6 Nxh6 56. Rd7 Nf7 57. Qb1 Qe8 58. Rc7 Kb6 59. Rc5 Nd6 60. Qh1 Qg8 61. Bd1 Qg7 62. Qe1 Kb7 63. Qe2 Nc8 64. Bg1 Nb6 0-1

[Event "Amsterdam m1"]
[Site "?"]
[Date "1996.08.20"]
[Round "4"]
[White "Shabalov Alexander"]
[Black "Ree Hans"]
[Result "1-0"]
[WhiteElo "2565"]
[BlackElo "2440"]
[PlyCount "67"]
[EventDate "1996.??.??"]
[Source "www.chesslib.no"]
[SourceDate "2004.05.04"]

1. e4 e6 2. d4 d5 3. Nc3 Bb4 4. e5 c5 5. a3 Bxc3+ 6. bxc3 Qc7 7. Nf3 b6 8. h4 Ba6 9. Bxa6 Nxa6 10. h5 h6 11. O-O Ne7 12. Nh4 cxd4 13. cxd4 Rc8 14. Ra2 Nb8 15. Qg4 Rg8 16. Be3 Qc4 17. Rb2 Nbc6 18. Qd1 Qa4 19. f4 Na5 20. f5 Nc4 21. Rb3 Nxe3 22. Rxe3 Qxc2 23. Qg4 exf5 24. Nxf5 Nxf5 25. Re2 Qc6 26. e6 f6 27. Qg6+ Kd8 28. Rxf5 Rc7 29. Rxf6 gxf6 30. Qxg8+ Qe8 31. Qg4 Ke7 32. Qg7+ Kd8 33. Qxf6+ Kc8 34. e7 1-0

[Event "Master Tournament"]
[Site "Dortmund"]
[Date "1999.07.16"]
[Round "8"]
[White "Schmittdiel, Eckhard"]
[Black "Feygin, Michail"]
[Result "1-0"]
[WhiteElo "2505"]
[BlackElo "2500"]
[PlyCount "81"]
[EventDate "1999.07.09"]
[Source "ChessBase"]
[SourceDate "1999.10.01"]

1. e4 e6 2. d4 d5 3. Nc3 Bb4 4. e5 c5 5. a3 Bxc3+ 6. bxc3 Qc7 7. Nf3 b6 8. a4 Ne7 9. Bb5+ Bd7 10. O-O Nbc6 11. dxc5 bxc5 12. Ba3 Na5 13. Qd3 Rc8 14. Rfb1 O-O 15. Bxc5 Qxc5 16. Bxd7 Rb8 17. Rb5 Rxb5 18. axb5 Qb6 19. Qd4 Rd8 20. Qb4 Rxd7 21. Rxa5 Qb8 22. g3 h6 23. Qa3 Ng6 24. Qa4 Rb7 25. b6 Rxb6 26. Rxa7 Qd8 27. h4 Rb8 28. h5 Nf8 29. Qf4 Qe8 30. c4 Ra8 31. Rc7 Rc8 32. Rxc8 Qxc8 33. cxd5 exd5 34. Nd4 Qc3 35. Nf5 Ne6 36. Qa4 Kh7 37. Ne7 Qxe5 38. Qe8 Qe1+ 39. Kg2 Nf4+ 40. gxf4 Qe4+ 41. Kg3 1-0

[Event "MK Cafe Cup-A"]
[Site "Koszalin"]
[Date "1998.08.03"]
[Round "1"]
[White "Sutovsky, Emil"]
[Black "Grabarczyk, Bogdan"]
[Result "1-0"]
[WhiteElo "2575"]
[BlackElo "2425"]
[PlyCount "69"]
[EventDate "1998.08.03"]
[Source "ChessBase"]
[SourceDate "1998.09.09"]

1. e4 e6 2. d4 d5 3. Nc3 Bb4 4. e5 c5 5. a3 Bxc3+ 6. bxc3 Qc7 7. Qg4 f5 8. Qh5+ g6 9. Qd1 Nd7 10. Ne2 Nb6 11. h4 h6 12. Nf4 Ne7 13. Rh3 Bd7 14. a4 Kf7 15. a5 Na4 16. Ba3 Rhg8 17. Qd2 Rac8 18. Bd3 Nc6 19. Bb5 Qxa5 20. Bxa4 Qxa4 21. Nd3 b6 22. Qxh6 Qxc2 23. Nf4 cxd4 24. h5 Nxe5 25. Qg5 Rc5 26. Nxg6 Nc6 27. cxd4 Qe4+ 28. Kf1 Qxd4 29. Re1 Rc2 30. Rf3 Qf6 31. Qf4 Qd8 32. g4 Qb8 33. Bd6 Qc8 34. Qg5 Qd8 35. Nh8+ 1-0

[Event "GMA-Open"]
[Site "Belgrade SCG"]
[Date "1988.??.??"]
[Round "?"]
[White "Dolmatov, Sergey V"]
[Black "Mednis, Edmar J"]
[Result "1-0"]
[WhiteElo "2565"]
[BlackElo "2435"]
[PlyCount "101"]
[EventDate "1988.12.??"]
[Source "www.chesslib.no"]
[SourceDate "2004.05.04"]

1. e4 e6 2. d4 d5 3. Nc3 Bb4 4. e5 c5 5. a3 Bxc3+ 6. bxc3 Qc7 7. Nf3 b6 8. Bb5+ Bd7 9. Bd3 Nc6 10. O-O Nge7 11. Re1 h6 12. g3 O-O 13. Bf4 Ng6 14. Be3 c4 15. Be2 f5 16. exf6 Rxf6 17. h4 Raf8 18. h5 Nge7 19. Nh4 e5 20. dxe5 Nxe5 21. f4 N5c6 22. Bf3 Qd6 23. Qd2 Kh7 24. Bf2 Be6 25. Re2 Qd7 26. Rae1 R8f7 27. Qd1 Qd6 28. Re3 Bd7 29. a4 Re6 30. Rxe6 Bxe6 31. Ng2 Kg8 32. g4 Bd7 33. Qd2 Rf8 34. Bg3 Rf7 35. Kh2 Qc5 36. f5 d4 37. Re4 Nxf5 38. gxf5 Qxf5 39. Nf4 Ne5 40. Rxe5 Qxe5 41. cxd4 Qf5 42. Bd5 Bxa4 43. Bxc4 Qxc2 44. Qxc2 Bxc2 45. Ng6 Bd1 46. Ne5 Bxh5 47. Nxf7 Bxf7 48. Bb5 Bb3 49. Bc6 Kf7 50. d5 a5 51. Bc7 1-0

[Event "POL-ch 59th"]
[Site "Warsaw"]
[Date "2002.05.11"]
[Round "12"]
[White "Bobras, Piotr"]
[Black "Socko, Bartosz"]
[Result "1/2-1/2"]
[WhiteElo "2435"]
[BlackElo "2564"]
[PlyCount "108"]
[EventDate "2002.04.29"]
[Source "ChessBase"]
[SourceDate "2002.08.12"]

1. e4 e6 2. d4 d5 3. Nc3 Bb4 4. e5 c5 5. a3 Bxc3+ 6. bxc3 Qc7 7. Nf3 b6 8. a4 Ba6 9. Bxa6 Nxa6 10. Qe2 Nb8 11. O-O Ne7 12. dxc5 bxc5 13. c4 d4 14. Ng5 Nbc6 15. Qh5 Ng6 16. f4 Nd8 17. Ne4 Nb7 18. Rb1 O-O-O 19. Qf3 Nh4 20. Qh3 Nf5 21. Bd2 Qc6 22. Qf3 Nh4 23. Qe2 f5 24. exf6 gxf6 25. Nxf6 d3 26. cxd3 Rxd3 27. Nd5 Rxd2 28. Qxd2 exd5 29. cxd5 Qd7 30. Qf2 Nf5 31. Kh1 Rg8 32. Rfc1 Qxd5 33. Rb5 Ne3 34. Rg1 Ng4 35. Qe2 Nd6 36. Rb2 c4 37. Rgb1 Ne4 38. Rb8+ Kc7 39. R8b7+ Kc6 40. Rxh7 Nc3 41. Qb2 Nf2+ 42. Qxf2 Nxb1 43. h3 Nc3 44. Rxa7 Ne4 45. Ra6+ Kd7 46. Qa7+ Ke8 47. Qb8+ Kf7 48. Qc7+ Kf8 49. Qc8+ Kg7 50. Qg4+ Kf8 51. Qc8+ Kg7 52. Qc7+ Kf8 53. Qb8+ Kg7 54. Qc7+ Kf8 1/2-1/2

[Event "Vung Tau zt 3.2a"]
[Site "Vung Tau"]
[Date "2000.05.25"]
[Round "5"]
[White "Wynn Zaw Htun"]
[Black "Villamayor, Bong"]
[Result "0-1"]
[WhiteElo "2524"]
[BlackElo "2474"]
[PlyCount "70"]
[EventDate "2000.05.21"]
[Source "ChessBase"]
[SourceDate "2000.07.11"]

1. e4 e6 2. d4 d5 3. Nc3 Bb4 4. e5 c5 5. a3 Bxc3+ 6. bxc3 Qc7 7. Qg4 f5 8. Qg3 cxd4 9. cxd4 Ne7 10. Bd2 O-O 11. Bd3 b6 12. Ne2 Ba6 13. Nf4 Qd7 14. Bb4 Rc8 15. h4 Bxd3 16. Qxd3 Rc4 17. Bd2 Nbc6 18. Ne2 Rc8 19. O-O Ng6 20. h5 Nge7 21. h6 g6 22. Rfb1 Nd8 23. c3 Nf7 24. Qg3 Kh8 25. Re1 Ng8 26. Nf4 Ngxh6 27. Qh3 Rg8 28. Re3 Ng4 29. Rd3 g5 30. Nh5 Rg6 31. f3 Ngxe5 32. dxe5 Rh4 33. Nf6 Qb5 34. c4 dxc4 35. Rd8+ Nxd8 0-1

[Event "34. Olympiad"]
[Site "?"]
[Date "2000.11.06"]
[Round "9"]
[White "Antonio Rogelio jr"]
[Black "Sharavdorj Dashzeveg"]
[Result "1-0"]
[WhiteElo "2547"]
[BlackElo "2448"]
[PlyCount "157"]
[EventDate "2000.??.??"]
[Source "www.chesslib.no"]
[SourceDate "2004.05.04"]

1. e4 e6 2. d4 d5 3. Nc3 Bb4 4. e5 c5 5. a3 Bxc3+ 6. bxc3 Qc7 7. Nf3 b6 8. a4 Ne7 9. Bb5+ Bd7 10. Bd3 Nbc6 11. O-O h6 12. h4 O-O 13. Re1 cxd4 14. cxd4 Nb4 15. Ba3 Nxd3 16. cxd3 Rfe8 17. Qd2 Rac8 18. a5 Qc3 19. axb6 axb6 20. Bxe7 Qxd2 21. Nxd2 Rxe7 22. Ra7 Rc2 23. Nf3 Kf8 24. Rb1 b5 25. Kf1 Be8 26. Ra8 Rb7 27. Ke1 Rcc7 28. Rba1 b4 29. Rb1 b3 30. Ra3 Rc3 31. Ke2 Rb4 32. Ne1 Ba4 33. Kd2 Rc7 34. Rba1 Ke7 35. Rc1 Kd8 36. g3 Rxc1 37. Kxc1 Kc7 38. Kb2 Kb6 39. Nf3 Kb5 40. Ra1 Ka5 41. Nd2 Rb7 42. Rc1 h5 43. Rc3 g6 44. Rc8 Kb4 45. Rc5 Ra7 46. Rc3 Kb5 47. Nxb3 Bxb3 48. Kxb3 Kb6 49. Rc8 Kb7 50. Rf8 Kc6 51. Kc3 Rc7 52. Kd2 Kb5 53. f3 Rb7 54. g4 Ra7 55. gxh5 gxh5 56. Rh8 Kc6 57. Rh7 Rc7 58. Ke3 Ra7 59. f4 Rb7 60. Rxh5 Kd7 61. f5 exf5 62. Rxf5 Ke7 63. Rf6 Rb1 64. h5 Rh1 65. h6 Rh2 66. Kf3 Rh4 67. Kg3 Rh5 68. Ra6 Rh1 69. Kf3 Rh2 70. Ke3 Kd7 71. Ra7+ Ke8 72. Ra8+ Ke7 73. Rh8 Ke6 74. h7 Kf5 75. e6 Rh3+ 76. Kd2 Kf6 77. exf7 Kxf7 78. Rd8 Rxh7 79. Rd7+ 1-0

[Event "CZE-ch"]
[Site "Lazne Bohdanec"]
[Date "1999.06.07"]
[Round "5"]
[White "Velicka, Petr"]
[Black "Haba, Petr"]
[Result "1/2-1/2"]
[WhiteElo "2449"]
[BlackElo "2545"]
[PlyCount "106"]
[EventDate "1999.06.??"]
[Source "ChessBase"]
[SourceDate "1999.07.10"]

1. e4 e6 2. d4 d5 3. Nc3 Bb4 4. e5 c5 5. a3 Bxc3+ 6. bxc3 Qc7 7. Nf3 b6 8. Bb5+ Bd7 9. Bd3 Ba4 10. O-O Ne7 11. h4 h6 12. h5 Nd7 13. Nh4 O-O-O 14. f4 c4 15. Be2 g6 16. hxg6 fxg6 17. Bg4 Nf8 18. Be3 Nf5 19. Nxf5 gxf5 20. Bf3 Ng6 21. Kf2 h5 22. Rh1 Qe7 23. Bxh5 Rh6 24. g3 Rdh8 25. Bf3 Rxh1 26. Bxh1 Rh2+ 27. Bg2 Nh4 28. gxh4 Qxh4+ 29. Kf1 Qg3 30. Qf3 Rxg2 31. Qxg3 Rxg3 32. Kf2 Rg7 33. Rh1 Re7 34. Ke1 Bxc2 35. Bf2 Ba4 36. Rh8+ Kb7 37. Bh4 Rg7 38. Bg5 Ka6 39. Kd2 Ka5 40. Kc1 Bb5 41. Kb2 Ka4 42. Rh6 Bd7 43. Rh8 a5 44. Ka2 Kb5 45. Kb2 Kc6 46. Ka2 Kc7 47. Kb2 Kb7 48. Kb1 Kc6 49. Ka2 b5 50. Kb2 Kb7 51. Kc2 Bc8 52. Re8 Rh7 53. Re7+ Rxe7 1/2-1/2

[Event "7. Sants Open"]
[Site "?"]
[Date "2005.09.03"]
[Round "9"]
[White "Handke Florian"]
[Black "Moskalenko Viktor"]
[Result "1-0"]
[WhiteElo "2460"]
[BlackElo "2534"]
[PlyCount "105"]
[EventDate "2005.??.??"]
[Source "www.chesslib.no"]
[SourceDate "2004.05.04"]

1. e4 e6 2. d4 d5 3. Nc3 Bb4 4. e5 c5 5. a3 Bxc3+ 6. bxc3 Qc7 7. Qg4 f5 8. Qg3 Nc6 9. Nf3 cxd4 10. cxd4 Nge7 11. Bd2 O-O 12. Bd3 Bd7 13. O-O Be8 14. Rab1 Qd7 15. Ng5 Bg6 16. c3 f4 17. Bxf4 Nf5 18. Qf3 Nh4 19. Qe3 Na5 20. Bg3 Nf5 21. Qd2 Rac8 22. Rb4 b6 23. Bb5 Qe7 24. Ba6 Rc6 25. Nh3 Qc7 26. Nf4 Bf7 27. Rc1 Nc4 28. Bxc4 Rxc4 29. Nxd5 exd5 30. e6 Nxg3 31. exf7+ Qxf7 32. hxg3 Rc6 33. Re1 Rf6 34. Rb2 Qc7 35. Qd3 Rc6 36. Re3 Qd6 37. Qa6 Qc7 38. Qd3 Qd6 39. Qb5 Rc7 40. a4 Qc6 41. Qb4 Qd7 42. a5 bxa5 43. Qxa5 Rc6 44. Re5 Rd6 45. Rbe2 a6 46. f3 Qb5 47. Qa3 Rfd8 48. Re7 a5 49. Rb2 Qa6 50. Rbb7 Rg6 51. Qc5 Qd6 52. Qxd6 Rgxd6 53. Rxg7+ 1-0

[Event "Sigeman & Co"]
[Site "Malmo"]
[Date "2002.06.09"]
[Round "4"]
[White "Wedberg, Tom"]
[Black "Johannessen, Leif Erlend"]
[Result "1/2-1/2"]
[WhiteElo "2540"]
[BlackElo "2452"]
[PlyCount "60"]
[EventDate "2002.06.06"]
[Source "ChessBase"]
[SourceDate "2002.09.20"]

1. e4 e6 2. d4 d5 3. Nc3 Bb4 4. e5 c5 5. a3 Bxc3+ 6. bxc3 Qc7 7. Qg4 f6 8. Nf3 c4 9. Be2 Nc6 10. Qg3 Qf7 11. h4 h5 12. O-O Bd7 13. a4 Nh6 14. Ba3 O-O-O 15. Rfb1 Rhg8 16. a5 Be8 17. Bc5 Nf5 18. Qh2 Qc7 19. Ra2 Rd7 20. Bf1 Rf7 21. exf6 Qxh2+ 22. Kxh2 gxf6 23. g3 Nh6 24. Bh3 Ng4+ 25. Kg1 Rfg7 26. Re1 Bd7 27. Bd6 Re8 28. Raa1 Rgg8 29. Kg2 Rg6 30. Kg1 Rgg8 1/2-1/2

[Event "ESP-Tch  1a Div"]
[Site "Ciudad Real"]
[Date "2004.08.26"]
[Round "4"]
[White "Teran Alvarez, Ismael"]
[Black "Socko, Bartosz"]
[Result "1-0"]
[WhiteElo "2410"]
[BlackElo "2579"]
[PlyCount "71"]
[EventDate "2004.08.23"]
[Source "Roberto Alvarez"]
[SourceDate "2004.09.06"]

1. e4 e6 2. d4 d5 3. Nc3 Bb4 4. e5 c5 5. a3 Bxc3+ 6. bxc3 Qc7 7. Qg4 f5 8. Qg3 cxd4 9. cxd4 Ne7 10. Bd2 O-O 11. Bd3 b6 12. Ne2 Ba6 13. Nf4 Qd7 14. Bxa6 Nxa6 15. h4 Nb8 16. h5 Nbc6 17. c3 Nd8 18. h6 g6 19. Nh5 Kh8 20. Bg5 Ng8 21. Nf4 Qf7 22. c4 dxc4 23. O-O Ne7 24. Rfe1 Re8 25. Bxe7 Qxe7 26. d5 g5 27. Nh5 Rg8 28. Ng7 Rc8 29. Qc3 Rf8 30. Rad1 Kg8 31. Nh5 exd5 32. Nf6+ Kh8 33. Rxd5 Nf7 34. e6 Nxh6 35. Nh5+ Kg8 36. Rd7 1-0